Biggest City in Each Alabama County on a Map - Statistics

General Stats
  • This quiz has been taken 42 times
    14 since last reset
  • The average score is 29 of 67
Answers on the Map
Answers color-coded by a green-red scale on the quiz's map according to % correct below.
 
Answer Stats
Answer % Correct
Auburn
89%
Birmingham
89%
Decatur
89%
Huntsville
89%
Huntsville
89%
Mobile
89%
Montgomery
89%
Tuscaloosa
89%
Dothan
78%
Gadsden
67%
Enterprise
56%
Florence
56%
Tuskegee
56%
Andalusia
44%
Cullman
44%
Daphne
44%
Evergreen
44%
Fayette
44%
Fort Payne
44%
Greenville
44%
Jackson
44%
Jasper
44%
Livingston
44%
Marion
44%
Moulton
44%
Muscle Shoals
44%
Phenix City
44%
Selma
44%
Troy
44%
Union Springs
44%
Alabaster
33%
Albertville
33%
Aliceville
33%
Atmore
33%
Butler
33%
Camden
33%
Centre
33%
Chatom
33%
Clanton
33%
Demopolis
33%
Eufaula
33%
Eutaw
33%
Geneva
33%
Hamilton
33%
Heflin
33%
Lineville
33%
Luverne
33%
Monroeville
33%
Oneonta
33%
Oxford
33%
Ozark
33%
Prattville
33%
Russellville
33%
Scottsboro
33%
Talladega
33%
Vernon
33%
Alexander City
22%
Brent
22%
Fort Deposit
22%
Goodwater
22%
Haleyville
22%
Headland
22%
Millbrook
22%
Moody
22%
Moundville
22%
Roanoke
22%
Valley
22%
No matching quizzes found
Score Distribution
Percent of People with Each Score
Percentile by Number Answered
Your Score History
You have not taken this quiz since the last reset